Trabajo: la revista de la OIT/
שמור ב:
| מחבר תאגידי: | |
|---|---|
| פורמט: | ספר |
| יצא לאור: |
Ginebra, Suiza:
Departamento de Comunicación de la OIT,
1995-
|
| נושאים: | |
| גישה מקוונת: | texto completo desde el sitio de la revista |
| תגים: |
הוספת תג
אין תגיות, היה/י הראשונ/ה לתייג את הרשומה!
|
MARC
| LEADER | 00000nam a22000007a 4500 | ||
|---|---|---|---|
| 003 | cru CIDCACS/IIS | ||
| 005 | 20220318062537.0 | ||
| 007 | TA | ||
| 008 | 191205s1995 sz t||p|r||||||0| ||spa|| | ||
| 999 | |c 42296 |d 42296 | ||
| 022 | |a 10200037 | ||
| 040 | |c cru CIDCACS/IIS | ||
| 090 | |a REV1193 | ||
| 110 | |9 8479 |a Organización Internacional del Trabajo (OIT) | ||
| 245 | 1 | |a Trabajo: |b la revista de la OIT/ |c Organización Internacional del Trabajo | |
| 260 | |a Ginebra, Suiza: |b Departamento de Comunicación de la OIT, |c 1995- | ||
| 310 | |a tres veces por año | ||
| 500 | |a EXISTENCIAS: 1993 (5-6) 1994 (7-8, 10) 1995 (11, 12) 1997 (21) 1998 (23) 2000 (35) 2005(55) 2006(57-58) 2007 (59, 61) 2008(62) 2008(63) 2010 68-69; 2011(71, 73) | ||
| 650 | 4 | |9 2645 |a COOPERACION INTERNACIONAL | |
| 650 | 0 | |a TRABAJO |9 27 | |
| 650 | 0 | |9 1732 |a CIENCIA Y TECNOLOGIA | |
| 650 | 0 | |9 7 |a SINDICATOS | |
| 650 | 0 | |9 1010 |a OIT | |
| 856 | |u https://www.ilo.org/global/publications/world-of-work-magazine/lang--es/index.htm |y texto completo desde el sitio de la revista | ||
| 942 | |2 ddc |c PP | ||
